000 00515nam a22001937a 4500
003 koha_MIRAKIL
005 20231213095444.0
008 231213b |||||||| |||| 00| 0 ||| d
020 _b9-75141069-X
040 _aTR-IsEVY
_btur
_cTR-IsEVY
082 _a823 DEF/R
100 _aDefoe, Daniel.
245 0 _aRobinson Crusoe
260 _bRemzi Kitabevi,
_c2005
300 _a114 s.
650 _aEnglish literature -- World classics.
650 _aİngiliz edebiyatı -- Dünya klasikleri.
942 _2ddc
_cBK
999 _c3932
_d3932